01002 2200301 4500001002100000005001500021035002000036007000300056008004100059040002200100082002100122084002300143090002200166245011600188300007000304850001200374041001300386110003400399651002400433264006000457336002100517337003000538338002300568022001400591999002200605546005100627990002200678INLIS00000000086394820210823103548 a0010-0821000647ta210823s2019 yoia g s l ind d aYOPDYOGbinderda04223a315.09598272 a315.09598272 BAN k aCB-D.11 2019-421410aKecamatan Pleret dalam angka 2019= Pleret subdistrict in figures 2019 /cBadan Pusat Statistik Kabupaten Bantul axvii, 82halaman :bpeta berwarna, gambar berwarna, tabel ;c21 cm aYOPDYOG0 aIndgeng2 aBantul. Badan Pusat Statistik 4aPleret--vStatistik31aBantul :bBadan Pusat Statistik Kabupaten Bantul,c2019 2rdacontentateks 2rdamediaatanpa perantara 2rdacarrieravolume a0852-2936 aCB-D.11/2019-4214 aTeks dalam bahasa Indonesia dan bahasa Inggris aCB-D.11/2019-4214